书目信息 |
| 题名: |
青少年健康不平等
|
|
| 作者: | 柯里 主编 ;周华珍 译 ;世界卫生组织 编 | |
| 分册: | ||
| 出版信息: | 北京 中国青年出版社 2010 |
|
| 页数: | 22,356页 | |
| 开本: | 26cm | |
| 丛书名: | ||
| 单 册: | ||
| 中图分类: | R179 | |
| 科图分类: | ||
| 主题词: | 青少年--健康--调查报告--世界--2005~2006 , 青少年 , 健康 | |
| 电子资源: | ||
| ISBN: | 978-7-5006-9189-1 | |
| 000 | 01570nam0 2200325 450 | |
| 001 | 004502744 | |
| 005 | 20110225082829.98 | |
| 010 | @a978-7-5006-9189-1@dCNY38.00 | |
| 035 | @a004502744 | |
| 100 | @a20100507d2010 em y0chiy0110 ea | |
| 101 | 1 | @achi@ceng |
| 102 | @aCN@b110000 | |
| 105 | @ay z 000yy | |
| 106 | @ar | |
| 200 | 1 | @a青少年健康不平等@9qing shao nian jian kang bu ping deng@e学龄儿童健康行为研究2005~2006年度国际调查报告@f坎迪斯·柯里(Candace Currie)[等]主编@g世界卫生组织欧洲地区办事处编@g周华珍译 |
| 210 | @a北京@c中国青年出版社@d2010 | |
| 215 | @a22,356页@d26cm | |
| 300 | @a中国青年政治学院学术著作出版基金资助 | |
| 304 | @a主编还有:赛奥斯·尼克·亚伯汉尼、艾曼纽·古蒂安、克里斯·罗伯茨、吕贝卡·史密斯、多萝西·柯里等 | |
| 330 | @a本书呈现了2005-2006年世卫组织在欧洲和北美41个国家和地区,年龄在11岁、13岁和15岁的青少年健康模式的主要结果。它的主题是健康的不平等,量化其在性别、年龄、地理和社会经济方面的差异,旨在突出不平等现象的存在,从而宣传、影响政策和行动,并帮助改善广大青少年的健康状况。 | |
| 517 | 1 | @a学龄儿童健康行为研究2005~2006年度国际调查报告@9xue ling er tong jian kang xing wei yan jiu 2005 ~ 2006 nian du guo ji diao cha bao gao |
| 606 | 0 | @a青少年@x健康@x调查报告@y世界@z2005~2006 |
| 606 | 0 | @a青少年 |
| 606 | 0 | @a健康 |
| 690 | @aR179@v4 | |
| 701 | 0 | @c(英)@a柯里@9ke li@f(Currie, Candace)@4主编 |
| 702 | 0 | @a周华珍@9zhou hua zhen@c(青年学)@4译 |
| 712 | 02 | @a世界卫生组织@9shi jie wei sheng zu zhi@b欧洲地区办事处@4编 |
| 801 | 0 | @aCN@bNLC@c20110225 |
| 905 | @b205998054-081@h599805-08@dR179@e192@f4 | |
| 青少年健康不平等:学龄儿童健康行为研究2005~2006年度国际调查报告/坎迪斯·柯里(Candace Currie)[等]主编/世界卫生组织欧洲地区办事处编/周华珍译.-北京:中国青年出版社,2010 |
| 22,356页;26cm |
| 中国青年政治学院学术著作出版基金资助 |
| ISBN 978-7-5006-9189-1:CNY38.00 |
| 本书呈现了2005-2006年世卫组织在欧洲和北美41个国家和地区,年龄在11岁、13岁和15岁的青少年健康模式的主要结果。它的主题是健康的不平等,量化其在性别、年龄、地理和社会经济方面的差异,旨在突出不平等现象的存在,从而宣传、影响政策和行动,并帮助改善广大青少年的健康状况。 |
| ● |
| 相关链接 |
|
|
|
|
正题名:青少年健康不平等
索取号:R179/192
 
预约/预借
| 序号 | 登录号 | 条形码 | 馆藏地/架位号 | 状态 | 备注 |
| 1 | 599805 | 205998054 | 第二样本阅览室/ [索取号:R179/192] | 在馆 | |
| 2 | 599806 | 205998063 | 第三借阅区/ [索取号:R179/192] | 在馆 | |
| 3 | 599807 | 205998072 | 第三借阅区/ [索取号:R179/192] | 在馆 | |
| 4 | 599808 | 205998081 | 第三借阅区/ [索取号:R179/192] | 在馆 |